000 00593nam a2200241Ia 4500
003 OSt
005 20220918183335.0
006 a|||||r|||| 00| 0
007 ta
008 220917b |||||||| |||| 00| 0 eng d
024 _a37,550
037 _cTextual
040 _aARTS
_cARTS
_beng
041 _2eng
_aeng
082 _aO13:9, E5
100 _aLivingstone R W
_962583
245 0 _aGreek genius and its meaning to us
250 _a2nd
260 _c1915
650 _aENGLISH LITERATURE
942 _hO13:9, E5
_cTEXL
_2CC
999 _c172350
_d172350